1505 1251 1273 1546 1085 1017 1759 1116 1681 1576 1662 1240 1267 1344 1630 1888 1848 1655 1737 1241 1315 1807 1907 1067 1967 1968 1240 1183 1301 1030 1256 1066 1057 1225 1922 1617 1725 1311 1346 1219 1022 1942 1396 1769 1652 1628 1719 1011 1416 1570 1703 1575 1610 1058 1266 1269 1465 1551 1335 1558 1120 1894 1881 1615 1142 1634 1371 1272 1096 1939 1609 1651 1418 1935 1522 1740 1678 1481 1539 1856 1279 1527 1699 1633 1129 1157 1779 1812 1009 1950 1238 1173 1322 1475 1749 1544 1821 1680 1870 BCNSPRNW ULIB Ver.6.0+V

เปลี่ยนเป็นภาษาไทย

Change to English
 แสดงรายละเอียดบรรณานุกรม
  กลับหน้าหลัก

Brief Record : Get Marc (ISO 2709) : E-mail record : QR code < ปิดหน้าต่าง
LEADER : 00000nam 2200000uu 4500
001    13399125780
003     ULIB
008    170831s2560||||th 000 0 tha d
020    ^a9786164402539
060 04 ^aW15^bณ121ห
100 0  ^aณตพล ศุภณัฐเศรษฐกุล
245 10 ^aหลักพื้นฐานคำศัพท์เฉพาะทางด้านการแพทย์ =^bBasic Principle ofmedical terminology /^cณตพล ศุภณัฐเศรษฐกุล
246 31 ^aBasic principle of medical terminology
250    ^aพิมพ์ครั้งที่ 2
260    ^aพิษณุโลก :^bสำนักพิมพ์มหาวิทยาลัยนเรศวร,^c2559
300    ^a263 หน้า :^bภาพประกอบ ;^c27 ซม.
650  0 ^aEnglish language^xMedical English
650  0 ^aMedicine^xLanguage
650  2 ^aDictionaries, Medical
650  7 ^aแพทย์^xคำศัพท์
710 2  ^aมหาวิทยาลัยนเรศวร.^bคณะแพทยศาสตร์.^bภาควิชาพยาธิวิทยา
710 2  ^aหน่วยสนับสนุนการเรียนรู้ภาษาต่างประเทศทางการแพทย์
945    ^p0^l0^i003145
945    ^p0^l0^i003146
945    ^p0^l0^i003147
945    ^p0^l0^i003148
945    ^p0^l0^i003149
999    ^aประนอม เกษจรัล
รายการนี้ยังไม่มีแท็ก
คุณยังไม่ได้ล็อกอิน คุณสามารถมีกิจกรรมร่วมกับเว็บไซต์ได้ แต่ต้องล็อกอินก่อน ::
  ล็อกอิน

รายการสื่อสารสนเทศ

ลำดับที่ ประเภท เลขเรียก/บาร์โค้ด สถานที่ สถานะ
1. วิทยาศาสตร์การแพทย์ และสุขภาพ
วิทยาศาสตร์การแพทย์ และสุขภาพ
สถานะ=หนังสือเก่า
W15 ณ121ห ฉ.1 
  Barcode: 003145
ห้องสมุดวิทยาเขตสวรรค์ประชารักษ์
►ส่วนจัดเก็บหนังสือเก่า สปร
บนชั้น
  ขอยืม
2. วิทยาศาสตร์การแพทย์ และสุขภาพ
วิทยาศาสตร์การแพทย์ และสุขภาพ
สถานะ=หนังสือเก่า
W15 ณ121ห ฉ.2 
  Barcode: 003146
ห้องสมุดวิทยาเขตสวรรค์ประชารักษ์
►ส่วนจัดเก็บหนังสือเก่า สปร
บนชั้น
  ขอยืม
3. วิทยาศาสตร์การแพทย์ และสุขภาพ
วิทยาศาสตร์การแพทย์ และสุขภาพ
สถานะ=หนังสือเก่า
W15 ณ121ห ฉ.3 
  Barcode: 003147
ห้องสมุดวิทยาเขตสวรรค์ประชารักษ์
►ส่วนจัดเก็บหนังสือเก่า สปร
บนชั้น
  ขอยืม
4. วิทยาศาสตร์การแพทย์ และสุขภาพ
วิทยาศาสตร์การแพทย์ และสุขภาพ
สถานะ=หนังสือเก่า
W15 ณ121ห ฉ.4 
  Barcode: 003148
ห้องสมุดวิทยาเขตสวรรค์ประชารักษ์
►ส่วนจัดเก็บหนังสือเก่า สปร
บนชั้น
  ขอยืม
5. วิทยาศาสตร์การแพทย์ และสุขภาพ
วิทยาศาสตร์การแพทย์ และสุขภาพ
สถานะ=หนังสือเก่า
W15 ณ121ห ฉ.5 
  Barcode: 003149
ห้องสมุดวิทยาเขตสวรรค์ประชารักษ์
►ส่วนจัดเก็บหนังสือเก่า สปร
บนชั้น
  ขอยืม

รายการใกล้เคียง
    ผู้แต่ง [ณตพล ศุภณัฐเศรษฐกุล]

    หัวเรื่อง [Dictionaries, Medical]

BibComment


ยังไม่เคยถูกคอมเมนท์

คอมเมนท์ทรัพยากรรายการนี้
  คอมเมนท์: หลักพื้นฐานคำศัพ..


 Copyright 2026. Bcnsprnw @Library